Statistics for Spanish Translations of Song Titles #4

Click here to take the quiz!

General Stats

  • This quiz has been taken 468 times
    (467 since last reset)
  • The average score is 11 of 28

Answer Stats

HintAnswer% Correct
Estilo GangnamGangnam Style
94%
Hotel CaliforniaHotel California
91%
Caliente y FríoHot n Cold
79%
Romance MaloBad Romance
77%
Rock CocodriloCrocodile Rock
71%
Tic TacTik Tok
56%
Somos los CampeonesWe Are the Champions
55%
Las Chicas Sólo Quieren DivertirseGirls Just Wanna Have Fun
53%
Amor de la JunglaJungle Love
50%
Los Sonidos del SilencioThe Sounds of Silence
49%
Helado y PastelIce Cream and Cake
42%
Autopista al InfiernoHighway to Hell
41%
Gotas de JúpiterDrops of Jupiter
40%
Regresado en NegroBack in Black
36%
La Canción PerezosaThe Lazy Song
36%
VillamargaritaMargaritaville
34%
No Fui YoIt Wasn't Me
30%
Caminando en la Luz del SolWalking on Sunshine
27%
Santo GrialHoly Grail
18%
Una Chica Solitaria MenosOne Less Lonely Girl
18%
Nada de TiNothin' on You
16%
Amarillo SuaveMellow Yellow
12%
Durante el VeranoIn the Summertime
9%
Termina Esta NocheIt Ends Tonight
9%
SilbatoWhistle
9%
Corazón Adolorido y QuebradoAchy Breaky Heart
6%
Comida Para LlevarCarry Out
2%
Novela EscalofrianteThriller
2%

Score Distribution

Percentile by Number Answered

Percent of People with Each Score

Your Score History

You have not taken this quiz since the last reset